000 00919nam a2200253 i 4500
001 15855
003 ES-MaACL
005 20230906151154.0
007 t|
008 000508s1977 sp ||||1| spa d
020 _a84-400-3096-7
080 _a929 Artaud, Antonin
080 _a821.133.1-6"19"
100 1 _aArtaud, Antonin.
_923422
245 1 0 _aCartas a André Breton
_b: dibujos, páginas de los cuadernos (1944-1948) /
_cAntonin Artaud ; prólogo de Miguel Morey ; con dos retratos de Man Ray ; [versión de Jaume Pomar].
260 _aBarcelona [etc.] :
_bJosé J. de Olañeta,
_cD.L. 1977.
300 _a102 p. :
_bil. ;
_c22 cm.
490 1 _aPequeña biblioteca calamvs scriptorivs ;
_v2
700 1 _aMorey, Miguel.
_983498
700 1 _aPomar, Jaume.
_992897
830 0 _aPequeña biblioteca calamvs scriptorivs ;
_v2
_9182965
852 _aES-MaACL
_jL-23049
_bR.127593
999 _c15855
_d15855